The separation process of methane-butane fraction from natural gas before transport; IOP Conference Series: Materials Science and Engineering; Vol. 81 : Radiation-Thermal Effects and Processes in Inorganic Materials

Xehetasun bibliografikoak
Parent link:IOP Conference Series: Materials Science and Engineering
Vol. 81 : Radiation-Thermal Effects and Processes in Inorganic Materials.— 2015.— [012062, 5 p.]
Egile nagusia: Galtseva (Gal’tseva) O. V. Olga Valerievna
Erakunde egilea: Национальный исследовательский Томский политехнический университет (ТПУ) Институт неразрушающего контроля (ИНК)
Beste egile batzuk: Bordunov S. V.
Gaia:Title screen
A series of experiments of adsorption of vapor-air mixtures of some individual hydrocarbons on fibrous sorbents out of polyethylene and polypropylene is made. The calculated changes of concentrations of hydrocarbons in the vapor-air mixture base on experimental data. It is shown that concentration of hydrocarbons decreases after column by 1.4 times and that sorption capacity of fibers reaches 1 g of hydrocarbons on 1 g of a fibrous sorbent. This result was assumed as a basis of calculation of model of the separator for separation of hydrocarbons С[1-4] from water and fractions С[5-n], the degree of separation of the first stage gas of the Verkhne - Tarskoe's field was 98 %.
Режим доступа: по договору с организацией-держателем ресурса
Hizkuntza:ingelesa
Argitaratua: 2015
Gaiak:
Sarrera elektronikoa:http://dx.doi.org/10.1088/1757-899X/81/1/012062
http://earchive.tpu.ru/handle/11683/14711
Formatua: MixedMaterials Baliabide elektronikoa Liburu kapitulua
KOHA link:https://koha.lib.tpu.ru/cgi-bin/koha/opac-detail.pl?biblionumber=642975

MARC

LEADER 00000nla2a2200000 4500
001 642975
005 20231219150537.0
035 |a (RuTPU)RU\TPU\network\7963 
035 |a RU\TPU\network\7962 
090 |a 642975 
100 |a 20150826a2015 k y0engy50 ba 
101 0 |a eng 
102 |a GB 
105 |a y z 100zy 
135 |a drgn ---uucaa 
181 0 |a i  
182 0 |a b 
200 1 |a The separation process of methane-butane fraction from natural gas before transport  |f O. V. Galtseva (Gal’tseva), S. V. Bordunov 
203 |a Text  |c electronic 
300 |a Title screen 
320 |a [References: 16 tit.] 
330 |a A series of experiments of adsorption of vapor-air mixtures of some individual hydrocarbons on fibrous sorbents out of polyethylene and polypropylene is made. The calculated changes of concentrations of hydrocarbons in the vapor-air mixture base on experimental data. It is shown that concentration of hydrocarbons decreases after column by 1.4 times and that sorption capacity of fibers reaches 1 g of hydrocarbons on 1 g of a fibrous sorbent. This result was assumed as a basis of calculation of model of the separator for separation of hydrocarbons С[1-4] from water and fractions С[5-n], the degree of separation of the first stage gas of the Verkhne - Tarskoe's field was 98 %. 
333 |a Режим доступа: по договору с организацией-держателем ресурса 
337 |a Adobe Reader 
461 1 |0 (RuTPU)RU\TPU\network\2008  |t IOP Conference Series: Materials Science and Engineering 
463 1 |0 (RuTPU)RU\TPU\network\7891  |t Vol. 81 : Radiation-Thermal Effects and Processes in Inorganic Materials  |o International Scientific Conference, 3-8 November 2014, Tomsk, Russia  |o [proceedings]  |v [012062, 5 p.]  |d 2015 
610 1 |a электронный ресурс 
610 1 |a труды учёных ТПУ 
610 1 |a сепарация 
610 1 |a метан 
610 1 |a бутан 
610 1 |a фракции 
610 1 |a природные газы 
610 1 |a адсорбция 
610 1 |a углеводороды 
700 1 |a Galtseva (Gal’tseva)  |b O. V.  |c specialist in the field of electrical engineering  |c associate Professor of Tomsk Polytechnic University, candidate of technical Sciences  |f 1979-  |g Olga Valerievna  |3 (RuTPU)RU\TPU\pers\33523  |9 17191 
701 1 |a Bordunov  |b S. V. 
712 0 2 |a Национальный исследовательский Томский политехнический университет (ТПУ)  |b Институт неразрушающего контроля (ИНК)  |3 (RuTPU)RU\TPU\col\17851 
801 2 |a RU  |b 63413507  |c 20161212  |g RCR 
856 4 |u http://dx.doi.org/10.1088/1757-899X/81/1/012062 
856 4 |u http://earchive.tpu.ru/handle/11683/14711 
942 |c CF